Letters: Punjab Mission (July 18, 1910-November 21, 1911) - R. E. Speer Letters: Punjab Mission , Vol. 3
| Corporate Authors: | ; |
|---|---|
| Format: | Electronic Archival Collections |
| Language: | Undetermined language |
| Check availability: | HBZ Gateway |
| Published: |
s.a.
|
| Further subjects: | B
Missionaries
B Speer, Robert E. (Robert Elliot), 1867-1947 B Missions B Princeton Theological Seminary ; Alumni and alumnae |
| Online Access: |
Volltext (kostenfrei) |
| Sammlungen: |
MARC
| LEADER | 00000cam a22000002c 4500 | ||
|---|---|---|---|
| 001 | 189489510X | ||
| 003 | DE-627 | ||
| 005 | 20241205054849.0 | ||
| 007 | cr uuu---uuuuu | ||
| 008 | 240709n1uuuuuuuxx |||||o 00| ||und c | ||
| 035 | |a (DE-627)189489510X | ||
| 035 | |a (DE-599)KXP189489510X | ||
| 035 | |a (PRTC)letterspunjabmis00unse | ||
| 040 | |a DE-627 |b ger |c DE-627 |e rda | ||
| 084 | |a 1 |2 ssgn | ||
| 245 | 0 | 0 | |a Letters: Punjab Mission (July 18, 1910-November 21, 1911) - R. E. Speer Letters: Punjab Mission , Vol. 3 |
| 264 | 1 | |c s.a. | |
| 300 | |a 1 Online-Ressource (315) | ||
| 336 | |a Text |b txt |2 rdacontent | ||
| 337 | |a Computermedien |b c |2 rdamedia | ||
| 338 | |a Online-Ressource |b cr |2 rdacarrier | ||
| 500 | |a Robert Elliott Speer Manuscript Collection; Series II: Correspondence; Box 13, File 13:1 | ||
| 601 | |a Mission | ||
| 650 | 4 | |a Speer, Robert E. (Robert Elliot), 1867-1947 | |
| 650 | 4 | |a Princeton Theological Seminary ; Alumni and alumnae | |
| 650 | 4 | |a Missions | |
| 650 | 4 | |a Missionaries | |
| 710 | 2 | |a Princeton Theological Seminary |e MitwirkendeR |4 ctb | |
| 710 | 2 | |a Henry Luce Foundation |e SponsorIn |4 spn | |
| 856 | 4 | 0 | |u https://commons.ptsem.edu/id/letterspunjabmis00unse |m X:PRTC |x Digitalisierung |z kostenfrei |7 0 |
| 935 | |a PRTC |a mteo | ||
| 951 | |a BO | ||
| ELC | |a 1 | ||
| LOK | |0 000 xxxxxcx a22 zn 4500 | ||
| LOK | |0 001 4548584749 | ||
| LOK | |0 003 DE-627 | ||
| LOK | |0 004 189489510X | ||
| LOK | |0 005 20240709140722 | ||
| LOK | |0 008 240709||||||||||||||||ger||||||| | ||
| LOK | |0 035 |a (DE-Tue135)letterspunjabmis00unse | ||
| LOK | |0 040 |a DE-Tue135 |c DE-627 |d DE-Tue135 | ||
| LOK | |0 092 |o n | ||
| LOK | |0 689 |a f |a Archival File | ||
| LOK | |0 852 |a DE-Tue135 | ||
| LOK | |0 852 1 |9 00 | ||
| LOK | |0 866 |x SPQUE#Theological Commons Princeton#SPSAM#Robert Elliott Speer Manuscript Collection | ||
| LOK | |0 935 |a PRTC |a resm | ||
| LOK | |0 939 |a 09-07-24 |b l01 | ||
| OAS | |a 1 | ||
| ORI | |a SA-MARC-ixtheoa001.raw | ||